[Event "Quixada Sertao op 8th"]
[Site "Quixada"]
[Date "2019.07.13"]
[Round "3"]
[White "Da Silva, Izael Brasilino Ara"]
[Black "Da Silva, Agamenon Viana"]
[Result "1-0"]
[WhiteElo "1858"]
[BlackElo "1636"]
[PlyCount "47"]
[EventDate "2019.07.12"]
[EventType "swiss"]
[EventRounds "6"]
[EventCountry "BRA"]
[SourceTitle "EXT 2020"]
[Source "ChessBase"]
[SourceDate "2019.10.17"]
[SourceVersion "1"]
[SourceVersionDate "2019.10.17"]
[SourceQuality "1"]

1. e4 e5 2. Nf3 Nc6 3. Bb5 d6 4. d4 exd4 5. Nxd4 Bd7 6. 0-0 Nxd4 7. Bxd7+ Qxd7 8. Qxd4 Ne7 9. Nc3 Nc6 10. Qe3 0-0-0 11. b4 Kb8 12. Rb1 Re8 13. b5 Ne5 14. f4 Nc4 15. Qd3 Nb6 16. a4 g6 17. a5 Nc8 18. Nd5 Bg7 19. b6 cxb6 20. axb6 a6 21. Nc7 Re7 22. Be3 Qc6 23. Nd5 Rd7 24. Rb4 1-0

[Event "Quixada Sertao op 8th"]
[Site "Quixada"]
[Date "2019.07.12"]
[Round "2"]
[White "Dias, Yuri de Carlos Sant"]
[Black "Da Silva, Izael Brasilino Ara"]
[Result "1-0"]
[WhiteElo "2091"]
[BlackElo "1858"]
[PlyCount "95"]
[EventDate "2019.07.12"]
[EventType "swiss"]
[EventRounds "6"]
[EventCountry "BRA"]
[SourceTitle "EXT 2020"]
[Source "ChessBase"]
[SourceDate "2019.10.17"]
[SourceVersion "1"]
[SourceVersionDate "2019.10.17"]
[SourceQuality "1"]

1. c4 c5 2. Nf3 g6 3. g3 Bg7 4. Bg2 Nc6 5. 0-0 d6 6. Nc3 Nf6 7. e4 Bg4 8. h3 Bxf3 9. Qxf3 Nd4 10. Qd1 Qd7 11. d3 0-0 12. Be3 Nc6 13. Rc1 e6 14. Kh2 h5 15. f4 Rae8 16. a3 a6 17. Rb1 Qc7 18. Qd2 Nd4 19. b4 b6 20. bxc5 bxc5 21. Ne2 e5 22. f5 Rb8 23. Nc3 Rxb1 24. Rxb1 Rb8 25. Rf1 Rb3 26. Bg5 gxf5 27. Bxf6 Bxf6 28. Nd5 Qd8 29. Qh6 Bg5 30. Qxh5 f4 31. gxf4 exf4 32. Nxf4 Qf6 33. Qg4 Qh6 34. Nh5 Qg6 35. e5 Rb2 36. Kh1 Kh8 37. Be4 Qe6 38. Qxe6 Nxe6 39. exd6 Kg8 40. Rg1 Kf8 41. Bd5 Be3 42. Rf1 Bf2 43. Bxe6 fxe6 44. Kg2 Ke8 45. Rxf2 Rb3 46. Nf6+ Kd8 47. Rf3 Rxa3 48. Rg3 1-0

[Event "Natal Potiguar op 11th"]
[Site "Natal"]
[Date "2019.06.09"]
[Round "6"]
[White "Vieira, Alexandre Letizio"]
[Black "Da Silva, Izael Brasilino Ara"]
[Result "0-1"]
[WhiteElo "1747"]
[BlackElo "1857"]
[PlyCount "94"]
[EventDate "2019.06.07"]
[EventType "swiss"]
[EventRounds "6"]
[EventCountry "BRA"]
[SourceTitle "EXT 2020"]
[Source "ChessBase"]
[SourceDate "2019.10.17"]
[SourceVersion "1"]
[SourceVersionDate "2019.10.17"]
[SourceQuality "1"]

1. e4 c5 2. b3 d6 3. Bb2 e6 4. Nf3 Nf6 5. Bb5+ Nbd7 6. Nc3 a6 7. Bxd7+ Qxd7 8. a4 b6 9. 0-0 Bb7 10. d3 Be7 11. Re1 0-0 12. Qd2 Rad8 13. Rad1 e5 14. h3 b5 15. axb5 axb5 16. Ra1 b4 17. Ne2 Qc6 18. Ng3 g6 19. Qe2 Ne8 20. Bc1 Ng7 21. Bh6 f6 22. Ra7 Rf7 23. Nh2 f5 24. Rea1 Ne6 25. f3 f4 26. Ngf1 Nd4 27. Qd1 d5 28. Nd2 Nb5 29. Rxb7 Qxb7 30. Ng4 Nc3 31. Qe1 dxe4 32. fxe4 Bd6 33. Bg5 Re8 34. Nh6+ Kg7 35. Nxf7 Kxf7 36. Nc4 Bf8 37. Qf2 h6 38. Bxh6 Be7 39. Nxe5+ Ke6 40. Nxg6 Bf6 41. Nxf4+ Kd7 42. Re1 Bd4 43. Re3 Nd1 44. Qh4 Nxe3 45. Kh1 Qa6 46. g4 Qa1+ 47. Kh2 Nf5 0-1

[Event "Norte Nordeste-ch Amateur U2000"]
[Site "Fortaleza"]
[Date "2019.04.28"]
[Round "6"]
[White "Da Silva, Izael Brasilino Ara"]
[Black "De Lima, Alan Silva"]
[Result "1-0"]
[WhiteElo "1841"]
[BlackElo "1999"]
[PlyCount "77"]
[EventDate "2019.04.26"]
[EventType "swiss"]
[EventRounds "6"]
[EventCountry "BRA"]
[SourceTitle "EXT 2020"]
[Source "ChessBase"]
[SourceDate "2019.10.17"]
[SourceVersion "1"]
[SourceVersionDate "2019.10.17"]
[SourceQuality "1"]

1. e4 c5 2. Nf3 g6 3. Nc3 Bg7 4. d4 cxd4 5. Nxd4 a6 6. Be3 d6 7. f4 Nf6 8. Be2 b5 9. Bf3 e5 10. Nde2 0-0 11. 0-0 Ng4 12. Bxg4 Bxg4 13. Qd2 b4 14. Nd5 Bxe2 15. Qxe2 Nc6 16. f5 Nd4 17. Bxd4 exd4 18. f6 Bh6 19. Qd3 Re8 20. Qxd4 a5 21. a3 bxa3 22. Rxa3 Re5 23. Ne7+ Rxe7 24. fxe7 Qxe7 25. Qd5 Ra7 26. Rxa5 Be3+ 27. Kh1 Rc7 28. Ra6 Rd7 29. b4 Qh4 30. g3 Qh3 31. Qd3 d5 32. Ra8+ Kg7 33. exd5 Rxd5 34. Rxf7+ Kxf7 35. Qxd5+ Kg7 36. Qe5+ Kh6 37. Qxe3+ g5 38. Ra6+ Kh5 39. Qf3+ 1-0

[Event "Norte Nordeste-ch Amateur U2000"]
[Site "Fortaleza"]
[Date "2019.04.27"]
[Round "3"]
[White "Da Silva, Izael Brasilino Ara"]
[Black "De Sousa, Jhone Leone"]
[Result "0-1"]
[WhiteElo "1841"]
[BlackElo "1824"]
[PlyCount "84"]
[EventDate "2019.04.26"]
[EventType "swiss"]
[EventRounds "6"]
[EventCountry "BRA"]
[SourceTitle "EXT 2020"]
[Source "ChessBase"]
[SourceDate "2019.10.17"]
[SourceVersion "1"]
[SourceVersionDate "2019.10.17"]
[SourceQuality "1"]

1. e4 d6 2. d4 Nf6 3. Bd3 g6 4. c4 Bg7 5. Nc3 Nbd7 6. Nge2 c6 7. 0-0 0-0 8. f4 e5 9. fxe5 dxe5 10. Bg5 exd4 11. Nxd4 Qb6 12. Be3 Qxb2 13. Na4 Qb4 14. Rb1 Qe7 15. Bg5 Ne5 16. Rb3 Rd8 17. Ne2 Bg4 18. h3 Be6 19. Qc2 b5 20. Nb2 h6 21. Bxf6 Bxf6 22. Nf4 bxc4 23. Nxc4 Bxc4 24. Bxc4 Qc5+ 25. Kh1 Qxc4 26. Qxc4 Nxc4 27. Ne6 Rd6 28. Nc5 Kg7 29. Rb7 Rad8 30. Rb4 Rd1 31. Rxd1 Rxd1+ 32. Kh2 Nb6 33. Rb3 Be5+ 34. g3 Rd2+ 35. Kh1 Rxa2 36. Rd3 Rc2 37. Nb7 Rc3 38. Rd8 Rxg3 39. Re8 Nc4 40. Nd8 Nd2 41. Re7 Nf3 42. Rxf7+ Kg8 0-1

[Event "Norte Nordeste-ch Amateur U2000"]
[Site "Fortaleza"]
[Date "2019.04.27"]
[Round "4"]
[White "Da Silva, Izael Brasilino Ara"]
[Black "Soares, Paulo Henrique Dos"]
[Result "0-1"]
[WhiteElo "1841"]
[BlackElo "1899"]
[PlyCount "86"]
[EventDate "2019.04.26"]
[EventType "swiss"]
[EventRounds "6"]
[EventCountry "BRA"]
[SourceTitle "EXT 2020"]
[Source "ChessBase"]
[SourceDate "2019.10.17"]
[SourceVersion "1"]
[SourceVersionDate "2019.10.17"]
[SourceQuality "1"]

1. e4 c5 2. Nf3 d6 3. d4 cxd4 4. Nxd4 Nf6 5. Nc3 a6 6. Bg5 e6 7. Be2 Be7 8. 0-0 0-0 9. Kh1 b5 10. Bf3 Ra7 11. a3 Rd7 12. Be3 Bb7 13. Qd3 Nc6 14. Nxc6 Bxc6 15. Rfd1 Qc7 16. Rd2 Rfd8 17. Bf4 e5 18. Bg3 d5 19. exd5 Nxd5 20. Bxd5 Bxd5 21. Nxd5 Rxd5 22. Qxd5 Rxd5 23. Rxd5 Bf6 24. Rad1 h6 25. c3 Kh7 26. f3 Kg6 27. Rd6 Kf5 28. Rxa6 Qc4 29. Rad6 Qb3 30. R1d2 Bg5 31. Re2 f6 32. Bf2 Bc1 33. g4+ Kg6 34. Kg2 Bxb2 35. Be1 Qxa3 36. Rc6 Qb3 37. Rxe5 b4 38. Rb5 Qc2+ 39. Kg1 Qd1 40. Kf2 Qc2+ 41. Kg1 Qc1 42. Kf1 Bxc3 43. Re6 Bxe1 0-1

[Event "Santa Cruz Potiguar-ch"]
[Site "Santa Cruz"]
[Date "2016.12.18"]
[Round "5"]
[White "Da Silva, Ruan Gabriel Maciel"]
[Black "Da Silva, Izael Brasilino Ara"]
[Result "0-1"]
[WhiteElo "1452"]
[BlackElo "1860"]
[PlyCount "48"]
[EventDate "2016.12.17"]
[EventType "swiss"]
[EventRounds "5"]
[EventCountry "BRA"]
[SourceTitle "CBM 176 Extra"]
[Source "ChessBase"]
[SourceDate "2017.03.02"]
[SourceVersion "1"]
[SourceVersionDate "2017.03.02"]
[SourceQuality "1"]

1. e4 e6 2. Nf3 c5 3. Nc3 d6 4. d3 Nf6 5. Be2 Nc6 6. Bg5 Be7 7. 0-0 b6 8. Qd2 Bb7 9. Rab1 0-0 10. a3 h6 11. Be3 d5 12. exd5 exd5 13. Bf4 Nh5 14. Bg3 d4 15. Na2 Nxg3 16. fxg3 Qd6 17. Qf4 Qe6 18. b3 Qxe2 19. Rbc1 Qe3+ 20. Qxe3 dxe3 21. Rfe1 g5 22. Nc3 c4 23. dxc4 Bxa3 24. Ra1 Bb2 0-1

[Event "Santa Cruz Potiguar-ch"]
[Site "Santa Cruz"]
[Date "2016.12.17"]
[Round "3"]
[White "Da Silva, Izael Brasilino Ara"]
[Black "Da Silva Miguel, Lucas Ramonn"]
[Result "0-1"]
[WhiteElo "1860"]
[BlackElo "1562"]
[PlyCount "106"]
[EventDate "2016.12.17"]
[EventType "swiss"]
[EventRounds "5"]
[EventCountry "BRA"]
[SourceTitle "CBM 176 Extra"]
[Source "ChessBase"]
[SourceDate "2017.03.02"]
[SourceVersion "1"]
[SourceVersionDate "2017.03.02"]
[SourceQuality "1"]

1. e4 c5 2. Nf3 d6 3. Nc3 Nf6 4. d4 cxd4 5. Nxd4 a6 6. Be2 e5 7. Nf3 Be7 8. Bg5 Be6 9. Qd2 Nbd7 10. 0-0 h6 11. Be3 Ng4 12. Nd5 Bxd5 13. exd5 Nxe3 14. fxe3 Nf6 15. Rad1 b5 16. c4 bxc4 17. Bxc4 Qb6 18. Kh1 0-0 19. Rde1 Rfc8 20. b3 Nh7 21. Qf2 Rf8 22. h4 Nf6 23. Qe2 Ne4 24. Kh2 Qd8 25. g3 g5 26. hxg5 hxg5 27. Rh1 Kg7 28. Kg2 f5 29. Rh2 g4 30. Nh4 Bxh4 31. Rxh4 Ng5 32. a4 Nf3 33. Reh1 Nxh4+ 34. Rxh4 a5 35. e4 Rh8 36. Rxh8 Qxh8 37. exf5 Qh3+ 38. Kf2 Qh2+ 39. Kf1 Qxg3 40. Qd2 Qf4+ 41. Qf2 Kf6 42. Bd3 Rb8 43. Bc2 g3 44. Qxf4 exf4 45. Kg2 Ke5 46. Kf3 Rf8 47. Bd3 Rxf5 48. Bxf5 Kxf5 49. b4 axb4 50. a5 b3 51. a6 b2 52. a7 b1Q 53. a8Q Qf1# 0-1

[Event "BRA-ch sf Reg2 83rd"]
[Site "Natal"]
[Date "2016.11.14"]
[Round "6"]
[White "Carneiro, Jose Gildivan"]
[Black "Da Silva, Izael Brasilino Ara"]
[Result "0-1"]
[WhiteElo "1615"]
[BlackElo "1852"]
[PlyCount "84"]
[EventDate "2016.11.12"]
[EventType "swiss"]
[EventRounds "7"]
[EventCountry "BRA"]
[SourceTitle "EXT 2018"]
[Source "ChessBase"]
[SourceDate "2017.10.13"]
[SourceVersion "1"]
[SourceVersionDate "2017.10.13"]
[SourceQuality "1"]

1. Nf3 d5 2. g3 Nf6 3. Bg2 Nc6 4. d4 g6 5. 0-0 Bg7 6. c4 dxc4 7. Qa4 0-0 8. Qxc4 Be6 9. Qb5 Rb8 10. e3 a6 11. Qa4 b5 12. Qd1 Ne4 13. Nc3 Nxc3 14. bxc3 Bd5 15. Qc2 f5 16. Re1 Na5 17. Ba3 Nc4 18. Bc5 Re8 19. a4 Qd7 20. Nd2 Qc6 21. axb5 axb5 22. Nxc4 Bxg2 23. Nd2 e5 24. e4 Bh3 25. Qb3+ Kh8 26. Qd5 Qxd5 27. exd5 b4 28. Bxb4 exd4 29. Rxe8+ Rxe8 30. Rc1 dxc3 31. Nf3 Rb8 32. Ng5 Rxb4 33. Nxh3 Rb2 34. Nf4 c2 35. Kg2 Bc3 36. Ne2 Bd2 37. Ra1 Rb1 38. Ra8+ Kg7 39. d6 cxd6 40. Rc8 c1Q 41. Nxc1 Rxc1 42. Rxc1 Bxc1 0-1

[Event "BRA-ch sf Reg2 83rd"]
[Site "Natal"]
[Date "2016.11.12"]
[Round "1"]
[White "Da Silva, Izael Brasilino Ara"]
[Black "Fiaes, Mario Henrique"]
[Result "0-1"]
[WhiteElo "1852"]
[BlackElo "2133"]
[PlyCount "114"]
[EventDate "2016.11.12"]
[EventType "swiss"]
[EventRounds "7"]
[EventCountry "BRA"]
[SourceTitle "EXT 2018"]
[Source "ChessBase"]
[SourceDate "2017.10.13"]
[SourceVersion "1"]
[SourceVersionDate "2017.10.13"]
[SourceQuality "1"]

1. d4 Nf6 2. c4 e6 3. Nf3 b6 4. Nc3 Bb4 5. g3 0-0 6. Bg2 Ba6 7. Ne5 c6 8. 0-0 d5 9. Qb3 Bd6 10. cxd5 cxd5 11. Re1 Qc7 12. e4 dxe4 13. Nxe4 Nxe4 14. Bxe4 Bb7 15. Qf3 Bxe4 16. Qxe4 Nd7 17. Nxd7 Qxd7 18. d5 Rfe8 19. Be3 e5 20. Rac1 f5 21. Qc4 f4 22. Bd2 Rf8 23. Qc6 Qd8 24. gxf4 exf4 25. f3 Rf6 26. Re6 Rxe6 27. dxe6 Bc5+ 28. Kh1 Rc8 29. Qd7 Qxd7 30. exd7 Rd8 31. b4 Rxd7 32. bxc5 Rxd2 33. c6 Rd8 34. Kg2 Kf7 35. Kh3 Ke6 36. c7 Rc8 37. Kg4 Kd6 38. Kxf4 Rxc7 39. Rd1+ Kc6 40. Rc1+ Kb7 41. Rd1 Re7 42. Rd5 Kc6 43. Rh5 g6 44. Re5 Rxe5 45. Kxe5 b5 46. Kf6 b4 47. Kg7 a5 48. Kxh7 a4 49. Kxg6 b3 50. axb3 axb3 51. h4 b2 52. h5 b1Q+ 53. Kg7 Qf5 54. h6 Qg5+ 55. Kh7 Kd7 56. f4 Qxf4 57. Kg7 Qg5+ 0-1

[Event "BRA-ch sf Reg2 83rd"]
[Site "Natal"]
[Date "2016.11.12"]
[Round "2"]
[White "Medeiros, Israel Costa Smith"]
[Black "Da Silva, Izael Brasilino Ara"]
[Result "0-1"]
[WhiteElo "2055"]
[BlackElo "1852"]
[PlyCount "116"]
[EventDate "2016.11.12"]
[EventType "swiss"]
[EventRounds "7"]
[EventCountry "BRA"]
[SourceTitle "EXT 2018"]
[Source "ChessBase"]
[SourceDate "2017.10.13"]
[SourceVersion "1"]
[SourceVersionDate "2017.10.13"]
[SourceQuality "1"]

1. g3 e5 2. Bg2 Nf6 3. d3 Bc5 4. Nf3 d6 5. 0-0 0-0 6. c4 a6 7. Nc3 Nc6 8. a3 Re8 9. b4 Ba7 10. Bb2 Bg4 11. h3 Be6 12. Ng5 Bc8 13. Kh2 Ng4+ 14. hxg4 Qxg5 15. f3 Re6 16. Bh3 Bd7 17. Nd5 Rc8 18. f4 exf4 19. gxf4 Qh4 20. Rf3 Nd4 21. Bxd4 Bxd4 22. Ra2 c6 23. e3 Ba7 24. f5 Rh6 25. Nf4 Qxg4 26. e4 Be3 27. Rg2 Bxf4+ 28. Kg1 Be3+ 29. Kf1 Qh5 30. Qe2 Bd4 31. Rg4 Re8 32. Qg2 Be5 33. Rg5 Qh4 34. Ke2 d5 35. Re3 Bd4 36. Rg4 Qh5 37. Rf3 dxc4 38. dxc4 Kh8 39. Kd3 Be5 40. c5 Rd8 41. Kc2 Bc8 42. Kc1 b6 43. Qa2 bxc5 44. bxc5 a5 45. Qc4 Rd4 46. Qe2 f6 47. Qa2 Qe8 48. Qb3 Qe7 49. Rc3 a4 50. Qc2 Ba6 51. Qb1 Be2 52. Rg1 Bf4+ 53. Kb2 Rd2+ 54. Ka1 Be5 55. Rgc1 Rxh3 56. Qb4 Rd1 57. Ka2 Rxc1 58. Rxc1 Qf7+ 0-1

[Event "Rio Grande do Norte zt CBX"]
[Site "Natal"]
[Date "2016.04.22"]
[Round "2.2"]
[White "Rocha, Vitor Firmo de Souz"]
[Black "Da Silva, Izael Brasilino Ara"]
[Result "1-0"]
[WhiteElo "2150"]
[BlackElo "1840"]
[PlyCount "113"]
[EventDate "2016.04.22"]
[EventType "swiss"]
[EventRounds "6"]
[EventCountry "BRA"]
[SourceTitle "EXT 2022"]
[Source "ChessBase"]
[SourceDate "2021.10.06"]
[SourceVersion "1"]
[SourceVersionDate "2021.10.06"]
[SourceQuality "1"]

1. e4 Nc6 2. d4 d5 3. Nc3 e6 4. Nf3 Bb4 5. e5 Bd7 6. Bd3 Nce7 7. 0-0 Ng6 8. Ne2 f5 9. exf6 gxf6 10. Nf4 Nxf4 11. Bxf4 Ne7 12. Ne5 Ng6 13. Nxg6 hxg6 14. Bxg6+ Kf8 15. Bd3 Be8 16. Qe2 Bf7 17. c3 Bd6 18. Qe3 Bxf4 19. Qxf4 Qd6 20. Qxd6+ cxd6 21. f4 f5 22. a4 Kg7 23. Rfe1 Rh4 24. g3 Rh6 25. a5 Rah8 26. h4 Bh5 27. Re3 Kf6 28. Rae1 Bf7 29. Bb5 Rd8 30. Kf2 Kg7 31. Ra1 Kf8 32. Ra3 Rc8 33. Rb3 Rc7 34. a6 b6 35. Bd3 Bh5 36. Re1 Rg6 37. Ra1 Rcg7 38. Rxb6 Rxg3 39. Rb8+ Kf7 40. Rb7+ Kf6 41. Rxg7 Rxg7 42. Rg1 Bg4 43. Be2 e5 44. fxe5+ dxe5 45. dxe5+ Kxe5 46. Bxg4 fxg4 47. Kg3 Rg6 48. Re1+ Kd6 49. h5 Rg8 50. h6 Rh8 51. Rh1 d4 52. cxd4 Kd5 53. h7 Kxd4 54. Kxg4 Kc5 55. Kg5 Kb5 56. Rh6 Ka5 57. Kg6 1-0

[Event "Natal Academia Potiguar 14th"]
[Site "Natal"]
[Date "2015.10.03"]
[Round "2.1"]
[White "Viana, Helio Fernandes"]
[Black "Da Silva, Izael Brasilino Ara"]
[Result "1-0"]
[WhiteElo "1934"]
[BlackElo "1883"]
[PlyCount "37"]
[EventDate "2015.10.02"]
[EventType "tourn"]
[EventRounds "9"]
[EventCountry "BRA"]
[SourceTitle "EXT 2022"]
[Source "ChessBase"]
[SourceDate "2021.10.06"]
[SourceVersion "1"]
[SourceVersionDate "2021.10.06"]
[SourceQuality "1"]

1. e4 e5 2. Nf3 Nf6 3. Nc3 Bc5 4. Bc4 d6 5. h3 c6 6. d3 0-0 7. 0-0 d5 8. Bb3 a5 9. a3 d4 10. Ne2 a4 11. Ba2 Qd6 12. Ng3 h6 13. Nh4 Kh7 14. Nhf5 Bxf5 15. Nxf5 Qc7 16. Qf3 Ng8 17. Qg3 f6 18. f4 Nd7 19. Qxg7# 1-0

[Event "Natal Academia Potiguar 14th"]
[Site "Natal"]
[Date "2015.10.02"]
[Round "1.5"]
[White "Cilento, Lucas Geraldo"]
[Black "Da Silva, Izael Brasilino Ara"]
[Result "1-0"]
[WhiteElo "1899"]
[BlackElo "1883"]
[PlyCount "81"]
[EventDate "2015.10.02"]
[EventType "tourn"]
[EventRounds "9"]
[EventCountry "BRA"]
[SourceTitle "EXT 2022"]
[Source "ChessBase"]
[SourceDate "2021.10.06"]
[SourceVersion "1"]
[SourceVersionDate "2021.10.06"]
[SourceQuality "1"]

1. e4 c5 2. Nf3 d6 3. d4 cxd4 4. Nxd4 Nf6 5. Nc3 Nc6 6. Bc4 a6 7. Bb3 g6 8. 0-0 Na5 9. h3 Bg7 10. Be3 Nxb3 11. axb3 Bd7 12. Qe2 0-0 13. f4 Nh5 14. Qf2 e5 15. Nde2 f5 16. Bb6 Qe8 17. Nd5 Rc8 18. Nec3 exf4 19. exf5 Bxf5 20. Rae1 Be5 21. Qd2 Qf7 22. Bd4 Rce8 23. Rxe5 dxe5 24. Bc5 Ng3 25. Re1 f3 26. Kh2 Nh5 27. Bxf8 Rxf8 28. g4 Be6 29. gxh5 Rd8 30. Rd1 f2 31. Ne7+ Kg7 32. h6+ Kf6 33. Qxd8 Kg5 34. Ned5+ Kh5 35. Qf6 Bxd5 36. Nxd5 f1N+ 37. Qxf1 Qe6 38. Qf3+ Kxh6 39. Qg4 Qc6 40. Qh4+ Kg7 41. Qf6+ 1-0

[Event "American Continental 10th"]
[Site "Praia da Pipa"]
[Date "2014.10.21"]
[Round "5"]
[White "Martinez, Ayelen"]
[Black "Da Silva, Izael Brasilino Ara"]
[Result "1-0"]
[WhiteElo "2120"]
[BlackElo "1857"]
[PlyCount "97"]
[EventDate "2014.10.18"]
[EventType "swiss"]
[EventRounds "11"]
[EventCountry "BRA"]
[SourceTitle "EXT 2015"]
[Source "ChessBase"]
[SourceDate "2014.11.20"]
[SourceVersion "1"]
[SourceVersionDate "2014.11.20"]
[SourceQuality "1"]

1. e4 c5 2. Nf3 d6 3. Bb5+ Bd7 4. Bxd7+ Nxd7 5. 0-0 Ngf6 6. Qe2 Qc7 7. c3 e5 8. d4 Be7 9. Na3 a6 10. Bg5 0-0 11. Nc4 Rfe8 12. dxe5 dxe5 13. a4 Rad8 14. a5 h6 15. Bh4 g5 16. Bg3 Bf8 17. Rfd1 Re6 18. Nfxe5 Nxe5 19. Rxd8 Qxd8 20. Bxe5 Qe7 21. Bxf6 Qxf6 22. Rd1 Qf4 23. f3 g4 24. Qe3 Qxe3+ 25. Nxe3 gxf3 26. gxf3 Bd6 27. Nf5 Bc7 28. Rd7 Bxa5 29. Rxb7 c4 30. Kg2 Bb6 31. Rb8+ Kh7 32. Rc8 Rg6+ 33. Kh3 Bf2 34. Rxc4 Rb6 35. b4 a5 36. bxa5 Ra6 37. Kg4 Rxa5 38. Rc6 Be1 39. Rxh6+ Kg8 40. Rc6 Ra3 41. c4 Ra2 42. h4 Rg2+ 43. Kh5 Rc2 44. Rf6 Bc3 45. Nh6+ Kh8 46. Rxf7 Rg2 47. c5 Bd2 48. Ng4 Kg8 49. Kg6 1-0

[Event "Potiguar-ch"]
[Site "Natal"]
[Date "2014.08.24"]
[Round "9"]
[White "Da Silva, Izael Brasilino Ara"]
[Black "Feitosa, Jocelenilson Nunes"]
[Result "1-0"]
[WhiteElo "1817"]
[BlackElo "1800"]
[PlyCount "141"]
[EventDate "2014.08.15"]
[EventType "swiss"]
[EventRounds "9"]
[EventCountry "BRA"]
[SourceTitle "CBM 162 Extra"]
[Source "ChessBase"]
[SourceDate "2014.10.17"]
[SourceVersion "1"]
[SourceVersionDate "2014.10.17"]
[SourceQuality "1"]

1. e4 c6 2. d4 d5 3. Bd3 dxe4 4. Bxe4 Nf6 5. Bf3 Na6 6. c4 Bf5 7. a3 e6 8. Nc3 Nc7 9. Bf4 Bd6 10. Qd2 0-0 11. Nge2 Rb8 12. 0-0 Bg4 13. Bxg4 Nxg4 14. h3 Nf6 15. Rfd1 Qe7 16. Qe3 b5 17. c5 Bxf4 18. Nxf4 Rfd8 19. Ne4 Nxe4 20. Qxe4 Nd5 21. Nd3 a5 22. Ne5 Rdc8 23. Re1 f6 24. Nxc6 Rxc6 25. Qxd5 Rbc8 26. Qb3 Rb8 27. a4 b4 28. Rad1 Kh8 29. d5 Rxc5 30. d6 Qf7 31. Qxe6 Qxe6 32. Rxe6 Re5 33. Rxe5 fxe5 34. d7 Rd8 35. Rd5 g6 36. Kf1 Kg7 37. Rxa5 Rxd7 38. Rb5 Rd4 39. Rxe5 Rd2 40. b3 Rb2 41. Re3 Kf6 42. g4 Kg5 43. Kg2 h5 44. gxh5 gxh5 45. Kg3 h4+ 46. Kf3 Kf5 47. Rd3 Rb1 48. Ke3 Ke5 49. a5 Kf5 50. Kd4 Ra1 51. Kc4 Rxa5 52. Kxb4 Ra2 53. Rd5+ Kf4 54. Rh5 Rxf2 55. Rxh4+ Kg5 56. Rc4 Kh5 57. Rc3 Ra2 58. Kb5 Ra8 59. b4 Rb8+ 60. Kc5 Rc8+ 61. Kd4 Rd8+ 62. Kc4 Rc8+ 63. Kb3 Rb8 64. Rc4 Rf8 65. b5 Rf3+ 66. Rc3 Rf5 67. Kb4 Kh4 68. b6 Rf8 69. Kb5 Rf5+ 70. Ka6 Rf6 71. Ka7 1-0

[Event "Potiguar-ch"]
[Site "Natal"]
[Date "2014.08.16"]
[Round "3"]
[White "Ananias, Thales Rodrigo Lima"]
[Black "Da Silva, Izael Brasilino Ara"]
[Result "0-1"]
[WhiteElo "1730"]
[BlackElo "1817"]
[PlyCount "44"]
[EventDate "2014.08.15"]
[EventType "swiss"]
[EventRounds "9"]
[EventCountry "BRA"]
[SourceTitle "CBM 162 Extra"]
[Source "ChessBase"]
[SourceDate "2014.10.17"]
[SourceVersion "1"]
[SourceVersionDate "2014.10.17"]
[SourceQuality "1"]

1. Nf3 d5 2. g3 Nc6 3. Bg2 e5 4. d3 Nf6 5. 0-0 Bd6 6. Nbd2 0-0 7. b3 Re8 8. Bb2 h6 9. Re1 Bg4 10. c4 e4 11. dxe4 dxe4 12. Nd4 Nxd4 13. Bxd4 Be5 14. Nxe4 Bxd4 15. Nxf6+ Qxf6 16. Rc1 Bxf2+ 17. Kh1 Bxe1 18. Qxe1 Rxe2 19. Qf1 Qb2 20. Re1 Rxe1 21. Qxe1 Rd8 22. Qe4 Qc1+ 0-1

[Event "Potiguar-ch"]
[Site "Natal"]
[Date "2014.08.16"]
[Round "2"]
[White "Da Silva, Izael Brasilino Ara"]
[Black "Pinto, Carlos Henrique Lop"]
[Result "0-1"]
[WhiteElo "1817"]
[BlackElo "2092"]
[PlyCount "140"]
[EventDate "2014.08.15"]
[EventType "swiss"]
[EventRounds "9"]
[EventCountry "BRA"]
[SourceTitle "CBM 162 Extra"]
[Source "ChessBase"]
[SourceDate "2014.10.17"]
[SourceVersion "1"]
[SourceVersionDate "2014.10.17"]
[SourceQuality "1"]

1. e4 e6 2. d4 d5 3. Bd3 Nc6 4. Nf3 Nb4 5. 0-0 Nxd3 6. Qxd3 dxe4 7. Qxe4 Nf6 8. Qe2 Be7 9. c4 0-0 10. Be3 b6 11. Nc3 Bb7 12. Rfd1 Qc8 13. Rac1 Rd8 14. Bg5 h6 15. Bh4 g5 16. Bg3 a6 17. d5 Bd6 18. dxe6 Qxe6 19. Qxe6 fxe6 20. Nd4 Kf7 21. Nde2 e5 22. f3 g4 23. f4 Bc5+ 24. Bf2 Bd6 25. Bg3 Bc5+ 26. Bf2 Bxf2+ 27. Kxf2 Re8 28. Nd5 Rac8 29. Nxf6 Kxf6 30. c5 a5 31. cxb6 cxb6 32. Rxc8 Bxc8 33. Rd6+ Re6 34. fxe5+ Kxe5 35. Rxe6+ Bxe6 36. a3 Ke4 37. g3 Bd7 38. Nf4 Kd4 39. Ke2 Bb5+ 40. Kd2 Bc4 41. h3 gxh3 42. Nxh3 Ke4 43. Ng1 Bf1 44. Ke1 Ba6 45. Kd2 Bc8 46. b4 Bg4 47. bxa5 bxa5 48. Ne2 Kf3 49. Ke1 Kg2 50. Nd4 Kxg3 51. Kf1 h5 52. Kg1 h4 53. a4 h3 54. Kh1 Bd1 55. Nf5+ Kf4 56. Nd4 Bxa4 57. Kh2 Bd7 58. Nc2 Ke4 59. Na3 Kd3 60. Nb1 Kc2 61. Na3+ Kb3 62. Nb1 a4 63. Nd2+ Kb4 64. Nb1 a3 65. Nxa3 Kxa3 66. Kg3 Kb3 67. Kf3 Kc3 68. Kf2 Kd2 69. Kg1 Ke1 70. Kh1 Kf2 0-1

[Event "Natal Potiguar-ch op"]
[Site "Natal"]
[Date "2010.09.19"]
[Round "4"]
[White "Silva, Alexsandro Lira"]
[Black "Da Silva, Izael Brasilino Ara"]
[Result "1-0"]
[WhiteElo "2012"]
[BlackElo "1811"]
[PlyCount "75"]
[EventDate "2010.09.17"]
[EventType "swiss"]
[EventRounds "9"]
[EventCountry "BRA"]
[SourceTitle "EXT 2014"]
[Source "ChessBase"]
[SourceDate "2013.11.20"]
[SourceVersion "1"]
[SourceVersionDate "2013.11.20"]
[SourceQuality "1"]

1. e4 e5 2. Nf3 Nc6 3. d4 exd4 4. Nxd4 Nf6 5. Bg5 Bc5 6. c3 0-0 7. Be2 d6 8. 0-0 h6 9. Bxf6 Qxf6 10. Nf3 a5 11. Nbd2 a4 12. Qc2 Bd7 13. Rad1 Rfe8 14. Rfe1 Ne5 15. Nd4 Bg4 16. f3 Bd7 17. Kh1 Bxd4 18. cxd4 Nc6 19. d5 Ne5 20. Qxc7 Rec8 21. Qb6 Rc2 22. Nf1 Nxf3 23. Bxf3 Rxb2 24. Qc7 Bh3 25. Ne3 Rc8 26. Qa5 Rxa2 27. Rf1 Qg5 28. Rde1 Bd7 29. Qb4 b5 30. Qxd6 Rc3 31. Qxd7 Rxe3 32. Rxe3 Qxe3 33. Qe8+ Kh7 34. Qxb5 a3 35. d6 Rd2 36. Qf5+ Kg8 37. d7 a2 38. Qa5 1-0

[Event "Natal Potiguar op 4th"]
[Site "Natal"]
[Date "2009.07.12"]
[Round "5"]
[White "Oliveira Jr, Antonio Fernandes"]
[Black "Da Silva, Izael Brasilino Ara"]
[Result "1-0"]
[WhiteElo "1861"]
[BlackElo "1867"]
[PlyCount "75"]
[EventDate "2009.07.10"]
[EventType "swiss"]
[EventRounds "6"]
[EventCountry "BRA"]
[SourceTitle "EXT 2012"]
[Source "ChessBase"]
[SourceDate "2011.11.24"]
[SourceVersion "1"]
[SourceVersionDate "2011.11.24"]
[SourceQuality "1"]

1. d4 Nf6 2. c4 g6 3. Nc3 d5 4. Bg5 c6 5. e3 Bg7 6. Qb3 Nbd7 7. Nf3 dxc4 8. Bxc4 0-0 9. 0-0 Nb6 10. Be2 Be6 11. Qc2 Bc4 12. Bxc4 Nxc4 13. Bxf6 exf6 14. Ne4 Nd6 15. Nc5 b6 16. Nd3 Rc8 17. Rac1 Qe7 18. Qa4 Qb7 19. Rc2 Rc7 20. Rfc1 Rfc8 21. Nd2 Bf8 22. f3 Nf5 23. Kf2 c5 24. dxc5 Bxc5 25. Nxc5 bxc5 26. Nc4 Rc6 27. Qa3 Qc7 28. g3 Qe7 29. Nd2 Rd8 30. Ne4 Nd6 31. Nxc5 Nb5 32. Qb3 Rxc5 33. Rxc5 Rd2+ 34. Ke1 Nd4 35. Qb8+ Kg7 36. Kxd2 Nxf3+ 37. Ke2 Nd4+ 38. Kf2 1-0